000 00782nab a2200241u 4500
001 10100
003 HDC
007 c| |||a|c|aaaa
008 210203b20100317my ||||| |||| 00| 0 eng d
040 _aHDC
100 _aZuraimi Abdullah /
_eauthor
_98839
245 0 _aSweeter prospects for Malaysian cocoa /
_cZuraimi Abdullah
336 _atext
_2rdacontent
337 _acomputer
_2rdamedia
338 _aonline resource
_2rdacarrier
650 _aBarry Callebaut
_910300
650 _acocoa grinder
_910301
710 _aNew Straits Times
856 _zRequest full-text at [email protected]
942 _2lcc
942 _cNEWS
942 _kNWSC 003641
999 _c7423
_d7423